000 00913cam a2200277 a 4500
001 3353
005 20250815130508.0
020 _a9780439305471
040 _aDLC
_cDLC
_dDLC
_beng
050 0 0 _aPZ7.C4383
082 0 0 _a823.914
100 1 _aChild, Lauren
245 1 0 _aI will never not ever eat a tomato /
_cLauren Child
250 _aFirst Scholastic printing , September 2001
260 _aNew York :
_bScholastic ,
_c2000
300 _a32 unnumbered pages :
_bcolor illustrations ;
_c26 cm.
490 _aCharlie and Lola
505 _aG
520 _aA fussy eater decides to sample the carrots after her brother convinces her that they are really orange twiglets from Jupiter.
521 _a370
_bLexile
521 _aG
_bRaz-Plus
650 1 _aFood habits
_vFiction
650 1 _aSiblings
_vFiction
906 _a7
_bcbc
_corignew
_d1
_eocip
_f19
_gy-gencatlg
942 _2ddc
_cBK
_n0
999 _c3353
_d3353